| 000 | 00828nam a2200229 a 4500 | ||
|---|---|---|---|
| 001 | BRCA_1404 | ||
| 005 | 20190320203419.0 | ||
| 008 | 810828s1978 mx-#---##b---f000-0aspa-# | ||
| 041 | _aspaeng | ||
| 050 | 4 |
_aE411 _b.B35 1978 |
|
| 100 | 1 |
_aBaker, George Towne _d1941- _94589 |
|
| 245 | 1 | 0 |
_aMéxico ante los ojos del ejército invasor de 1847 _bdiario del coronel Ethan Allen Hitchcok _cGeorge Baker. |
| 260 |
_aMéxico _bUNAM _c1978 |
||
| 300 |
_a150 p. _c22 cm. |
||
| 600 | 1 | 4 |
_aHitchcock, Ethan Allen _d1798-1870 _94590 |
| 650 | 1 | 4 |
_aGuerra mexicana, 1846-1848 _xNarrativas personales _94591 |
| 650 | 1 | 4 |
_aGuerra mexicana, 1846-1848 _xCampañas _94592 |
| 650 | 1 | 4 |
_aGenerales _xBiografía _zEstados Unidos _94593 |
| 651 | 4 |
_aEstados Unidos _vBiografía _xEjército _94594 |
|
| 653 | 0 | _aIntervención Norteamericana | |
| 942 |
_2lcc _cB |
||
| 999 |
_c1266 _d1266 |
||